| 000 -LEADER |
| fixed length control field |
00894nam a22003257a 4500 |
| 001 - CONTROL NUMBER |
| control field |
6248254 |
| 003 - CONTROL NUMBER IDENTIFIER |
| control field |
LIBRIS |
| 005 - DATE AND TIME OF LATEST TRANSACTION |
| control field |
20210426125110.0 |
| 008 - FIXED-LENGTH DATA ELEMENTS--GENERAL INFORMATION |
| fixed length control field |
011211s1992 xxu 000 0 eng c |
| 020 ## - INTERNATIONAL STANDARD BOOK NUMBER |
| International Standard Book Number |
0883632926 |
| 020 ## - INTERNATIONAL STANDARD BOOK NUMBER |
| International Standard Book Number |
0883633140 |
| 040 ## - CATALOGING SOURCE |
| Original cataloging agency |
eng |
| Language of cataloging |
eng |
| Transcribing agency |
DLC |
| 041 ## - LANGUAGE CODE |
| Language code of text/sound track or separate title |
eng |
| 080 ## - UNIVERSAL DECIMAL CLASSIFICATION NUMBER |
| Universal Decimal Classification number |
7 |
| Item number |
N-91 |
| 082 04 - DEWEY DECIMAL CLASSIFICATION NUMBER |
| Classification number |
704.94 |
| Edition number |
22 (machine generated) |
| 083 0# - ADDITIONAL DEWEY DECIMAL CLASSIFICATION NUMBER |
| Classification number |
610.9 |
| Edition number |
22 (machine generated) |
| 084 ## - OTHER CLASSIFICATION NUMBER |
| Classification number |
Ibvz Medicin |
| Number source |
kssb/6 |
| 084 ## - OTHER CLASSIFICATION NUMBER |
| Classification number |
V:k |
| Number source |
kssb/6 |
| 084 ## - OTHER CLASSIFICATION NUMBER |
| Classification number |
Ibvz Medicin |
| Number source |
kssb/6 |
| 100 1# - MAIN ENTRY--PERSONAL NAME |
| Personal name |
Nuland, Sherwin B. |
| 245 00 - TITLE STATEMENT |
| Title |
Medicine : |
| Remainder of title |
the art of healing / |
| Statement of responsibility, etc. |
/ by: Hugh Lauter Levin |
| 260 ## - PUBLICATION, DISTRIBUTION, ETC. |
| Place of publication, distribution, etc. |
New York : |
| Name of publisher, distributor, etc. |
Hugh Lauter Levin |
| Date of publication, distribution, etc. |
cop. 1992 |
| 300 ## - PHYSICAL DESCRIPTION |
| Extent |
115 p. |
| Other physical details |
ill. |
| 365 ## - TRADE PRICE |
| Price amount |
35 usd |
| 650 #0 - SUBJECT ADDED ENTRY--TOPICAL TERM |
| 9 (RLIN) |
447 |
| Topical term or geographic name entry element |
Art |
| 653 ## - INDEX TERM--UNCONTROLLED |
| Uncontrolled term |
ხელოვნება |
| 942 ## - ADDED ENTRY ELEMENTS (KOHA) |
| Source of classification or shelving scheme |
|
| Koha item type |
Books |